000
00232nam a2200109Ia 4500
008
190216s9999||||xx |||||||||||||| ||und||
100
_a
Madan K D P
245
0
_a
Secretarial Practice
260
_b
Null
300
_a
458p
942
_c
BK
999
_c
3936
_d
3936